Friday the 13th Quiz - Statistics

General Stats
  • This quiz has been taken 107 times
  • The average score is 6 of 18
Answer Stats
Question Answer % Correct
What year was Friday the 13th Part 2 released? 1981
71%
In what movie does Jason Voorhees first get his iconic hockey mask? Friday the 13th Part 3
70%
How many Friday the 13th movies was crazy Ralph in? 2
66%
What is Jason's most iconic weapon? Machete
59%
What year did Jason Voorhees drown as a kid? 1957
58%
Who is the most notorious actor to play Jason? Kane Hodder
47%
What brought Jason back to life in Jason Lives? Lightning
36%
In what Friday the 13th movie does Jason get sent to hell? Jason Goes to Hell: The Final Friday
32%
Who was the final girl in Friday the 13th: The Final Chapter? Trish Jarvis
29%
What Friday the 13th movie made the most money(Lifetime Gross)? Freddy vs. Jason
27%
Who played Jason in Friday the 13th: The Final Chapter? Ted White
25%
Who gave Jason his famous axe mark on his mask? Chris Higgins
23%
Who was the killer in Friday the 13th: A New Beginning? Roy Burns
21%
Who was the main guy in Friday the 13th Part 2? Paul Holt
18%
What Friday the 13th movie is Jason the smartest in? Friday the 13th 2009
16%
What was the telekinetic girl's name in The New Blood? Tina Shepard
16%
What movie did Jason have to get a new mask because the old one got destroyed in the previous movie? Friday the 13th Part 8: Jason Takes Manhattan
14%
Whose head got punched off by Jason on a rooftop in part 8? Julius Gaw
8%
No matching quizzes found
Score Distribution
Percent of People with Each Score
Percentile by Number Answered
Your Score History
You have not taken this quiz